• 首页
  • 本馆介绍
  • 公告通知
  • 最新文献
  • 馆藏检索
  • 电子资源
  • 读者导购
  • 参考咨询
  • 我的图书馆
  • 登录
  • 详细信息显示
  • 放入我的书架
  • 预约/预借图书
  • 作者相关作品
  • 分类相关作品
  • 丛书相关作品
  • 出版社相关作品

书目信息

  • 表格格式
  • 工作单格式
  • 卡片格式
题名:
金史
    
 
作者: 脱脱 撰
分册: 七  
出版信息: 北京   中华书局  1975.07
页数: 2143-2521页
开本: 21cm
丛书名:
单 册:
中图分类: K246.4
科图分类:
主题词: 中国--历史
电子资源:
ISBN:
000 00595nam0 2200205 45
001 0312221749
005 20060427161629.09
010    @dCNY8.80
091    @a11018.648
100    @a20031222d1975 km y0chiy0120 ea
101    @achi
105    @a z 000yy
200 1  @a金史@h七@AJin Shi@f(元)脱脱等撰@F(Yuan)Tuo Tuo Deng Zhuan@e卷九七至卷一一四(传三)
210    @a北京@c中华书局@d1975.07
215    @a2143-2521页@d21cm
606 0  @a中国@x历史
690    @aK246.4@v3
701 0  @a脱脱@4撰
801    @aCN@bTSTCL@c20060427
905    @dK246.4@e2:7@f2@b103377-378@b109099@f1@b179674@f1@b77599@f1
    
    金史.七/(元)脱脱等撰:卷九七至卷一一四(传三).-北京:中华书局,1975.07
    2143-2521页;21cm
    
    
    ISBN :CNY8.80
    
●
相关链接 在E读中查询图书 在五车中查询图书 在当当中查询图书 在豆瓣中查询图书


正题名:金史     索取号:K246.4/2:7         预约/预借

序号 登录号 条形码 馆藏地/架位号 状态 备注
1 0033002   001313705   密集书库/ [索取号:K246.4/2:7] 在馆    
2 0077599   000643496   第二借阅区/ [索取号:K246.4/2:7] 在馆    
3 0077600   001285567   第二样本阅览室/ [索取号:K246.4/2:7] 在馆    
4 0103377   000643487   第二借阅区/ [索取号:K246.4/2:7] 在馆    
5 0103378   001285558   第二借阅区/ [索取号:K246.4/2:7] 在馆    
6 0109099   000643502   第二借阅区/ [索取号:K246.4/2:7] 在馆    
7 0109100   001674218   密集书库/ [索取号:K246.4/2:7] 在馆    
8 0179674   000643646   第二借阅区/ [索取号:K246.4/2:7] 在馆    
唐山师范学院图书馆 欢迎您!
大连网信软件有限公司© 版权所有